000 00206 a2200097 4500
001 20117
100 _aKompaneyets
245 _aTheoretical physics
260 _a
_bMir Publishers
_c
090 _c14711
_d14711
942 _aNUST-CAE
_cM
_c5238
999 _c255190
_d255190